Nghiên cứu tính chất của màng mỏng bằng phương pháp quang phổ : Luận văn thạc sĩ. Chuyên ngành vật lý lý thuyết và vật lý toán
Luận văn nghiên cứu về tính chất của màng mỏng bằng phương pháp quang phổ. Xác định các thông số quang học của màng mỏng bằng lập trình ngôn ngữ Mathlab...
Đã lưu trong:
| 主要作者: | |
|---|---|
| 格式: | 圖書 |
| 語言: | Undetermined |
| 出版: |
Cần Thơ
Đại học Cần Thơ
2013
|
| 主題: | |
| 標簽: |
添加標簽
沒有標簽, 成為第一個標記此記錄!
|
| Thư viện lưu trữ: | Trung tâm Học liệu Trường Đại học Cần Thơ |
|---|
| LEADER | 01118nam a2200217Ia 4500 | ||
|---|---|---|---|
| 001 | CTU_186154 | ||
| 008 | 210402s9999 xx 000 0 und d | ||
| 082 | |a 535.84 | ||
| 082 | |b A105 | ||
| 088 | |a 604401 | ||
| 100 | |a Nguyễn, Thái An | ||
| 245 | 0 | |a Nghiên cứu tính chất của màng mỏng bằng phương pháp quang phổ : | |
| 245 | 0 | |b Luận văn thạc sĩ. Chuyên ngành vật lý lý thuyết và vật lý toán | |
| 245 | 0 | |c Nguyễn Thái An ; Nguyễn Thị Thu Thủy (người hướng dẫn) | |
| 260 | |a Cần Thơ | ||
| 260 | |b Đại học Cần Thơ | ||
| 260 | |c 2013 | ||
| 520 | |a Luận văn nghiên cứu về tính chất của màng mỏng bằng phương pháp quang phổ. Xác định các thông số quang học của màng mỏng bằng lập trình ngôn ngữ Mathlab... | ||
| 650 | |a Physics,Spectrum analysis,Phân tích quang phổ,Vật lý | ||
| 904 | |i Nguyễn Thị Thảo Trinh, Lê Thị Cẩm Giang | ||
| 980 | |a Trung tâm Học liệu Trường Đại học Cần Thơ | ||